AHL Team Name Quiz - Statistics

General Stats
  • This quiz has been taken 35 times
  • The average score is 17 of 32
Answer Stats
NHL Affiliate Answer % Correct
Ottawa Senators Belleville Senators
81%
Pittsburgh Penguins Wilkes Barre/Scranton Penguins
81%
Washington Capitals Hershey Bears
77%
Boston Bruins Providence Bruins
77%
New York Islanders Bridgeport Islanders
69%
Minnesota Wild Iowa Wild
65%
Montreal Canadiens Laval Rocket
65%
Philadelphia Flyers Lehigh Valley Phantoms
65%
Vancouver Canucks Abottsford Canucks
62%
Vegas Golden Knights Henderson Silver Knights
58%
Toronto Maple Leafs Toronto Marlies
58%
Seattle Kraken Coachella Valley Firebirds
54%
Winnipeg Jets Manitoba Moose
54%
Chicago Blackhawks Rockford IceHogs
54%
San Jose Sharks San Jose Barracuda
54%
Florida Panthers Charlotte Checkers
50%
Colorado Avalanche Colorado Eagles
50%
Detroit Red Wings Grand Rapids Griffins
50%
New York Rangers Hartford Wolf Pack
50%
Tampa Bay Lightning Syracuse Crunch
50%
Dallas Stars Texas Stars
50%
New Jersey Devils Utica Comets
46%
LA Kings Ontario Reign
42%
Buffalo Sabres Rochester Americans
42%
Calgary Flames Calgary Wranglers
38%
Utah Mammoth Tucson Roadrunners
38%
Edmonton Oilers Bakersfield Condors
35%
Carolina Hurricanes Chicago Wolves
35%
Anaheim Ducks San Diego Gulls
35%
St. Louis Blues Springfield Thunderbirds
35%
Nashville Predators Milwaukee Admirals
27%
Columbus Blue Jackets Cleveland Monsters
23%
No matching quizzes found
Score Distribution
Percent of People with Each Score
Percentile by Number Answered
Your Score History
You have not taken this quiz